Finančné účtovníctvo a riadenie s aplikáciou IAS/IFRS
Salvato in:
| Autore principale: | |
|---|---|
| Ente Autore: | |
| Altri autori: | , |
| Natura: | Libro |
| Lingua: | slovacco |
| Pubblicazione: |
Bratislava
Iura Edition
2009
|
| Serie: | Ekonómia
|
| Soggetti: | |
| Tags: |
Nessun Tag, puoi essere il primo ad aggiungerne!!
|
MARC
| LEADER | 00000nam$a2200000$$$4500 | ||
|---|---|---|---|
| 001 | 0098295 | ||
| 005 | 20240226122336.9 | ||
| 020 | |a 978-80-8078-230-6 | ||
| 041 | 0 | |a slo | |
| 044 | |a SK | ||
| 245 | 1 | 0 | |a Finančné účtovníctvo a riadenie s aplikáciou IAS/IFRS |c Peter Krištofík, Zuzana Šuranová, Darina Saxunová |
| 264 | 1 | |a Bratislava |b Iura Edition |c 2009 | |
| 300 | |a 767 s. | ||
| 490 | 1 | |a Ekonómia | |
| 830 | 0 | |a Ekonómia | |
| 610 | 2 | 0 | |a účtovníctvo finančné |
| 610 | 2 | 0 | |a riadenie finančné |
| 610 | 2 | 0 | |a systémy účtovné |
| 610 | 2 | 0 | |a podnik |
| 610 | 2 | 0 | |a výkazy finančné |
| 610 | 2 | 0 | |a výsledok hospodársky |
| 610 | 2 | 0 | |a náklady |
| 610 | 2 | 0 | |a výnosy |
| 610 | 2 | 0 | |a výkazy účtovné |
| 610 | 2 | 0 | |a majetok podnikový |
| 610 | 2 | 0 | |a bilancie |
| 610 | 2 | 0 | |a majetok finančný |
| 610 | 2 | 0 | |a investície finančné |
| 610 | 2 | 0 | |a záväzky |
| 610 | 2 | 0 | |a imanie vlastné |
| 610 | 2 | 0 | |a koncerny |
| 610 | 2 | 0 | |a závierka účtovná konsolidovaná |
| 610 | 2 | 0 | |a IFRS |
| 610 | 2 | 0 | |a IAS/IFRS |
| 100 | 1 | |a Krištofík, Peter | |
| 700 | 1 | |a Šuranová, Zuzana | |
| 700 | 1 | |a Saxunová, Darina | |
| 710 | 2 | |a Univerzita Mateja Bela v Banskej Bystrici. Ekonomická fakulta | |